000 00239nam a2200109Ia 4500
100 _aSlides
942 _cBK
654 _awelds
245 _aSlide Chart GW1:Types of Welds and symbols
260 _bSlide o chart
_aPune
546 _aENGLISH
999 _c19435
_d19435